000 00716nam a22002057a 4500
003 0
005 20250820134028.0
008 250820b xxu||||| |||| 00| 0 eng d
020 _a978-1-350-36226-0
050 _aP 327
_b.L56 2024
245 _aLinguistics across disciplinary borders :
_bthe march of data /
_cedited by Steven Coats and Veronika Laippala.
260 _aLondon :
_bBloomsbury Academic,
_c2024.
300 _axii, 252 pages ;
_c25 cm.
504 _aIncludes bibliographical references and index.
650 _aLinguistics
_xData processing.
650 _aLinguistics
_xMethodology.
650 _aLinguistics
_xResearch
_xData processing.
650 _aInterdisciplinary research.
942 _2lcc
_cBK
999 _c367535
_d367535